000 01112nam a22003497a 4500
001 BR9704353
003 BR-BrBNA
005 20230928095701.0
007 ta
008 230509b bl.||||| |||| 00| 0 por d
040 _aBR-BrBNA
_bpor
_cBiblioteca Nacional de Agricultura
041 _a(Por)
072 _aH10
_b4020
090 _ 4020 BR9704353
100 1 _aMiranda, E.E. de
100 1 _aLecoq, M.
100 1 _aPierozzi Junior, I.
100 1 _aDuranton, J.F.
100 1 _aBatistella, M.
110 1 _aNucleo de Monitoramento Ambiental e de Recursos Naturais por Satelite, Campinas, SP (Brasil)
_97675
110 1 _aProgramme de Recherche, d'Information et de Formation sur les Acridiens (France)
245 1 _aO gafanhoto do Mato Grosso. Balanco e perspectivas de 4 anos de pesquisas: 1992-1996
260 3 _aCampinas, SP (Brasil):
_c1996.
300 _a146 p.
500 _aSummaries (Eng, Fre, Por)
650 _aGafanhoto
650 _aControle Biologico
650 _aDistribuicao Geografica
650 _aMato Grosso
909 _a202309
_bLucia
_c55
_dLucia Elande
942 _cBK
999 _c58073
_d58073